Forbes - 20 Best Cities to Live - Statistics

General Stats
  • This quiz has been taken 35 times
  • The average score is 13 of 20
Answer Stats
# City % Correct
19 Amsterdam
83%
4 Melbourne
83%
6 Sydney
83%
8 Auckland
79%
1 Copenhagen
79%
13 Helsinki
76%
15 Perth
76%
16 Brisbane
72%
20 Wellington
72%
3 Zurich
72%
9 Adelaide
69%
14 Tokyo
69%
5 Geneva
66%
2 Vienna
66%
12 Toronto
62%
7 Osaka
52%
10 Vancouver
52%
17 Frankfurt
45%
11 Luxembourg
34%
18 Calgary
28%
No matching quizzes found
Score Distribution
Percent of People with Each Score
Percentile by Number Answered
Your Score History
You have not taken this quiz